000
00311nam a22001217a 4500
020
_a
0-00-433078-1
082
_a
423 COL'H
100
_a
URDARG, L,HAMLES, R,HILLONG, T
_9
76636
245
_a
COLLINS DICTIONARY OF THE ENGLISH LANGUAGE
260
_a
COLLINS
_b
COLLINS
_c
1979
300
_a
XXXV,1690P
942
_c
BK
999
_c
581983
_d
581983